| 000 | 00391nam a2200133Ia 4500 | ||
|---|---|---|---|
| 008 | 230511s1999 xx 000 0 und d | ||
| 041 | _aeng | ||
| 082 | _a346.052 | ||
| 100 | _aDivekar G M | ||
| 245 | _aLaw of Hindu Co-Parcenary with Commentary on the Hindu Succession State Act | ||
| 260 |
_aPune _bHind Law House _c1999 |
||
| 300 | _a266 | ||
| 906 | _aFamily Law - Succession - India | ||
| 999 |
_c351541 _d351541 |
||